Plus grand stade d'Europe - Statistiques

Statistiques générales
  • Ce quiz a été pris 60 fois
  • Le résultat moyen est 5 sur 15
Statistiques - réponses
Hint Réponse % Correct
1# Camp Nou
98%
15# Allianz Arena
69%
14# San Siro
65%
3# Santiago Bernabeu
63%
10# Old Trafford
57%
6# Stade de France
57%
2# Wembley
45%
5# Signal Iduna Park
39%
4# Twickenham
8%
9# Olympiastadion
6%
8# Ataturk Olympic Stadium
0%
7# Luzhniki Stadium
0%
12# Metropolitano Stadium
0%
13# NSC Olimpiyskyi
0%
11# Principality Stadium
0%
Aucun quiz correspondant
Distribution des résultats
% des personnes avec chaque résultat
Percentile par nombre de réponses
Votre historique - résultats
Vous n’avez pas pris ce quiz